00819cam a22002414a 4500999001500000001000600015003000900021005001700030008004100047020001500088040002800103082001800131100002400149245013100173250001200304260003000316300004000346650001800386650002700404700001800431942001200449952011600461 c5190d519015126BD-DhUAP20201203104928.0201203s2007 ii a b 001 0 eng  a8123914245 aDLCcDLCdBD-DhUAPbeng 223a615.1 SHA aSharma, Varun Dutt.00aHospital and clinical pharmacy :bpractical notebook for final year diploma in pharmacy /cVarun Dutt Sharma and S. K. Pandey. a1st ed. aNew Delhi :bCBS,cc2007. a96 pages :billustrations ;c26 cm. 0aPharmacology. 0aClinical pharmacology. aPandey, S. K. 2ddccBK 00102ddc4070aUAPCLbUAPCLcGeneral Stacksd2020-12-03o615.1 SHAp3010015126r2020-12-03t1w2020-12-03yBK